000 00814nam a2200193Ia 4500
008 081213s9999 xx 000 0 und d
020 _a0687269539
050 _aBV4012.2
_b.S29
100 _aSwitzer, David K.
245 _aThe minister as a crisis counselor /
_cDavid K. Switzer
260 _c1986
_aNashvile
_bAbingdon
300 _bill.
_a288 p.
_c22 cm.
500 _aInludes index
650 _bPastoral counseling
650 _bCrisis intervention(psychiatry)
942 _cBK
_2lcc
999 _c11829
_d11829